Sabrina Carpenter - Paroles Manchild - Statistiques

Statistiques générales
  • Ce quiz a été pris 386 fois
  • Le résultat moyen est 245 sur 313
Statistiques - réponses
Hint Réponse % Correct
I
98%
Refrain Man
97%
men
97%
men)
97%
Bridge | Intro | Outro Oh,
97%
Couplet 1 You
96%
you
96%
a
95%
it
93%
it?
93%
it,
93%
to
92%
boy
91%
child
91%
me?
91%
me,
91%
me)
91%
my
90%
the
90%
for
89%
is
89%
Pré-refrain Stupid
88%
it's
87%
It's
87%
slow?
87%
Or
86%
your
86%
Maybe
85%
useless
85%
an
84%
phone
84%
Why
84%
said
83%
word
83%
charge
82%
know
82%
like
82%
just
81%
all
80%
broken,
80%
But
80%
forgot
80%
was
80%
always
79%
(Always
79%
And
79%
Fuck
79%
hey,
79%
(Hey,
79%
so
79%
there
79%
there,
79%
choose
78%
I'm
78%
choosing
77%
not
77%
(Not
77%
running
77%
running,
77%
boys
76%
ironic
76%
life
76%
swear
76%
they
76%
cuter
74%
get
74%
get)
74%
incompetent
74%
(Incompetent)
74%
(Play
74%
them
74%
them)
74%
come
73%
be?
72%
do
72%
hard
71%
hope
71%
playing
69%
there's
69%
Amen,
68%
Amen
68%
(Amen),
68%
(Amen)
68%
Did
68%
say
68%
we
68%
Never
67%
call
66%
started
66%
sexy
64%
what
64%
care
63%
Didn't
63%
dumb?
63%
God,
63%
heard
63%
finished?
62%
of
62%
familiar,
61%
let
61%
woman
61%
Won't
61%
won't
61%
mom
60%
self
60%
you're
60%
brain
57%
innocent
57%
baby,
56%
blame
56%
if
56%
If
56%
outfit
53%
wearing,
52%
ain't
51%
from
51%
how
48%
Half
47%
taking
47%
Whole
42%
done
40%
survive
40%
long?
39%
loving
39%
Earth
35%
Aucun quiz correspondant
Distribution des résultats
% des personnes avec chaque résultat
Percentile par nombre de réponses
Votre historique - résultats
Vous n’avez pas pris ce quiz